Guess BTS Members from famous quotes - Statistics

General Stats
  • This quiz has been taken 1,155 times
  • The average score is 7 of 7
Answer Stats
Quotes Members % Correct
"You don't know ANNYEONG HASEYO?" Jin
99%
"I want to be ROCK in my next life!" Suga
99%
"There's a camera here--dont make me CURSE" J-Hope
98%
"I've eaten 2130 more bowls of rice than you" Jimin
98%
"Hello, I'm Mr. SPREADING MY LEGS" Jungkook
98%
"Stop talking DEAD CELLS are coming out of your mouth!" V
98%
"Jimin, you got no JAMS..." Rap Monster
93%
No matching quizzes found
Score Distribution
Percent of People with Each Score
Percentile by Number Answered
Your Score History
You have not taken this quiz